| 000 | 00465nam a22001817a 4500 | ||
|---|---|---|---|
| 003 | OSt | ||
| 005 | 20260512160001.0 | ||
| 008 | 260512b |||||||| |||| 00| 0 eng d | ||
| 020 | _a0155707353 | ||
| 040 | _cIRDP | ||
| 082 | _a320.974 7 KAT | ||
| 100 | _aKATZNELSON, I. | ||
| 245 |
_aTHE POLITICS OF POWER: _bA CRITICAL INTRODUCTION TO AMERICAN GOVERNMENT |
||
| 250 | _a3rd Ed. | ||
| 260 |
_aLONDON; _bHBJ, _c1987. |
||
| 700 | _aKESSELMAN, M. | ||
| 942 |
_2ddc _cBOOKS |
||
| 999 |
_c9780 _d9780 |
||